|
|
|
|
| LEADER |
00000nam a2200000 a 4500 |
| 001 |
vtls001407803 |
| 003 |
SK-MaSNL |
| 005 |
20260302072114.0 |
| 008 |
240314s1972 xx 0 und |
| 035 |
|
|
|a SNK000362463
|
| 040 |
|
|
|a SNK
|b slo
|c SNK
|e AACR2
|
| 100 |
1 |
|
|a Čermák, Jindřich,
|d 1927-1974
|4 aut
|9 10570
|
| 245 |
1 |
0 |
|a Návrh a konstrukce nízkofrekvenčních tranzistorových zesilovačů
|
| 260 |
|
|
|a Praha
|b Státní nakladatelství technické literatury
|c 1972
|
| 300 |
|
|
|a 322 s.
|
| 958 |
|
|
|a OND
|
| 999 |
|
|
|c 1155049
|d 1156979
|
| 952 |
|
|
|t P60, <04>, [BOOK], {604}
|a SNK
|b SNK
|y VYP
|7 0
|p 17A0268240
|o snkIC 51997 príl.1-4
|0 0
|1 0
|4 0
|d 2001-02-20
|l 0
|r 2005-01-02 00:00:00
|w 2026-02-24
|
| 952 |
|
|
|t P60, <04>, [BOOK], {604}
|a SNK
|b SNK
|y VYP
|7 0
|p 17A0268653
|o snkIC 51997
|i snkKIP 5298/72
|0 0
|1 0
|4 0
|d 2001-02-20
|l 0
|r 2005-01-02 00:00:00
|w 2026-02-24
|
| 952 |
|
|
|t P60, <04>, [BOOK], {604}
|a SNK
|b SNK
|y VYP
|7 0
|p 17A0409357
|o snkIC 51997 D1
|i snkKIP 5299/72
|0 0
|1 1
|4 0
|d 2004-01-26
|l 0
|r 2005-01-02 00:00:00
|w 2026-02-24
|